Вторичные изменения терригенных пород-коллекторов нефти и газа

Bibliographic Details
Main Author: Прошляков Б. К. Борис Константинович
Language:Russian
Published: Москва, Недра, 1974
Subjects:
Format: Book
KOHA link:https://koha.lib.tpu.ru/cgi-bin/koha/opac-detail.pl?biblionumber=57114

MARC

LEADER 00000nam0a2200000 4500
001 57114
005 20231031054055.0
035 |a (RuTPU)RU\TPU\book\60231 
090 |a 57114 
100 |a 20031022d1974 km y0rusy50 ca 
101 0 |a rus 
102 |a RU 
105 |a a z 001zy 
200 1 |a Вторичные изменения терригенных пород-коллекторов нефти и газа  |f Б. К. Прошляков 
210 |a Москва  |c Недра  |d 1974 
215 |a 233 с.  |c ил. 
320 |a Библиогр.: с. 225-233. 
610 1 |a нефтяные пласты 
610 1 |a коллекторы 
610 1 |a газовые пласты 
610 1 |a свойства 
610 1 |a зональность 
610 1 |a литология 
675 |a 553.98  |v 3 
700 1 |a Прошляков  |b Б. К.  |g Борис Константинович 
801 1 |a RU  |b 63413507  |c 20031022  |g PSBO 
801 2 |a RU  |b 63413507  |c 20080411  |g PSBO 
942 |c BK